Welcome to the Holygrace Academy Library

Please use search bar below to get started

PHYSICS XII (Record no. 8181)

MARC details
000 -LEADER
fixed length control field 00387nam a22001457a 4500
082 ## - DEWEY DECIMAL CLASSIFICATION NUMBER
Classification number 530
Item number GLO/P
100 ## - MAIN ENTRY--AUTHOR NAME
Personal name V K GLOBAL PUBLICATION
245 ## - TITLE STATEMENT
Title PHYSICS XII
Remainder of title X AM IDEA
246 ## - VARYING FORM OF TITLE
Title proper/short title PHYSICS XII
Remainder of title PHYSICS XII
260 ## - PUBLICATION, DISTRIBUTION, ETC. (IMPRINT)
Place of publication NEW DELHI
Name of publisher V K GLOBAL PUBLICATION
Year of publication 2013
300 ## - PHYSICAL DESCRIPTION
Number of Pages 876
520 ## - SUMMARY, ETC.
Summary, etc ELECTRO STATICS,CURRENT ELECTRICITY...............
650 ## - SUBJECT ADDED ENTRY--TOPICAL TERM
Topical Term PHYSICS
942 ## - ADDED ENTRY ELEMENTS (KOHA)
Koha item type Books
Holdings
Withdrawn status Lost status Collection code Home library Current library Shelving location Date acquired Source of acquisition Full call number Accession Number Koha item type
    Reference Main Library Main Library SHELF-9 B XII PHYSICS 05/02/2020 PURCHASED 530 GLO/P 12428 Books